ระบบห้องสมุดอัตโนมัติ ULibM
วิทยาลัยพยาบาลบรมราชชนนี พระพุทธบาท
เปลี่ยนเป็นภาษาไทย

Change to English
 แสดงรายละเอียดบรรณานุกรม
  กลับหน้าหลัก

Brief Record : Get Marc (ISO 2709) : E-mail record : QR code ปิดหน้าต่าง
สารบัญ Review โดย
รัตนาพร พรมเดช
วิทยาลัยพยาบาลบรมราชชนนี พระพุทธบาท
รัตนาพร พรมเดช เมื่อ24/มีนาคม/2568
บทที่ 1 สมอง จิตใจ และพฤติกรรม
บทที่ 2 บทนำระบบประสาทของมนุษย์
บทที่ 3 เซลล์และเนื้อเยื่อของระบบประสาท
บทที่ 4 พัฒนาการของระบบประสาท
บทที่ 5 เยื่อหุ้มสมอง ระบบโพรงสมอง และน้ำเลี้ยงสมองไขสันหลัง
บทที่ 6 ระบบหลอดเลือดสมอง
บทที่ 7 เซรีบรัม
บทที่ 8 ไดเอนเซฟาลอน
บทที่ 9 ก้านสมองส่วนมิดเบรน
บทที่ 10 เซรีเบลรัมและก้านสมองส่วนพอนส์
บทที่ 11 ก้านสมองส่วนเมดัลลา
บทที่ 12 เส้นประสาทสมอง
บทที่ 13 ไขสันหลัง
บทที่ 14 เซลล์ประสาทสั่งการและวิธีประสาทสั่งการขาลง
บทที่ 15 การควบคุมการเคลื่อนไหวโดยเบซัลแกงเกลียและเซรีเบลรัม
บทที่ 16 ระบบการทรงตัว และการควบคุมการเคลื่อนไหวของลูกตา
บทที่ 17 ระบบการรับความรู้สึกทางกาย
บทที่ 18 การตรวจร่างกายทางระบบประสาทและการระบุตำแหน่งรอยโรคในระบบประสาท

E-books : เกี่ยวกับ Collections
LEADER 00000nam 2200000uu 4500
001    13399130140
003     ULIBM
008    020711s2564 th a 000 0 tha d
020    9786164436299
060    WL100 ก673ต 2564
100    บรรณาธิการ, กิตติคุณ วิวัฒน์ภิญโญ
245    ตำราประสาทวิทยาศาสตร์ เล่ม 1
250    พิมพ์ครั้งที่ 1
260    นครปฐม :^bสำนักพิมพ์มหาวิทยาลัยมหิดล,^c2564
300    386 หน้า ;^c25 ซม.
501    Bookshelf: 
999    ^aนางสาวณิชาพร เกตุศีระ
รายการนี้ยังไม่มีแท็ก
คุณยังไม่ได้ล็อกอิน คุณสามารถมีกิจกรรมร่วมกับเว็บไซต์ได้ แต่ต้องล็อกอินก่อน ::
  ล็อกอิน
ลำดับที่ ประเภท เลขเรียก สถานที่ สถานะ
1. หนังสือ
หนังสือ
WL100 ก673ต 2564 c.1 
  
วิทยาลัยพยาบาลบรมราชชนนี พระพุทธบาท
►หนังสือทั่วไป
On Shelf
   [แสดง 1/1 รายการ]

รายการใกล้เคียง
    ผู้แต่ง [บรรณาธิการ, กิตติคุณ วิวัฒน์ภิญโญ]

Bib 13399130140